| 000 | 00382nam a22001697a 4500 | ||
|---|---|---|---|
| 005 | 20260413122012.0 | ||
| 008 | 160627b xxu||||| |||| 00| 0 eng d | ||
| 020 | _a0-7515-1735-6 | ||
| 041 | _aeng | ||
| 082 | _a658.15 | ||
| 100 |
_aBennett, Paul _92945 |
||
| 245 | _aDue Diligence | ||
| 260 |
_bWarner _c1997 |
||
| 300 | _a294 | ||
| 650 |
_aCorporate finance _98978 |
||
| 942 | _cBK | ||
| 999 |
_c4258 _d4257 |
||